Statistics for NBA Best Small Forward per Franchise

Click here to take the quiz!

General Stats

  • This quiz has been taken 52 times
  • The average score is 17 of 30

Answer Stats

Hint Answer % Correct
Chicago BullsScottie Pippen
98%
Miami HeatLebron James
96%
Cleveland CavaliersLeBron James
96%
Oklahoma City ThunderKevin Durant
91%
Boston CelticsLarry Bird
87%
Atlanta HawksDominque Wilkins
78%
Los Angeles LakersJames Worthy
76%
San Antonio SpursKawhi Leonard
71%
Brooklyn NetsJulius Erving
67%
Denver NuggetsAlex English
67%
Indiana PacersPaul George
62%
Houston RocketsTracy Mcgrady
60%
Orlando MagicTracy McGrady
60%
Golden State WarriorsRick Barry
60%
Milwaukee BucksGiannis Antetokounmpo
58%
Toronto RaptorsVince Carter
56%
Minnesota TimberwolvesAndrew Wiggins
51%
Phoenix SunsShawn Marion
49%
Detroit PistonsGrant Hill
44%
Dallas MavericksMark Aguirre
44%
Charlotte HornetsGerald Wallace
42%
New Orleans PelicansPeja Stojakovic
38%
Utah JazzAdrian Dantley
33%
Los Angeles ClippersRandy Smith
29%
Portland Trail BlazersClifford Robinson
27%
Memphis GrizzliesRudy Gay
24%
New York KnicksLatrell Sprewell
24%
Washington WizardsAntawn Jamison
20%

Score Distribution

Percentile by Number Answered

Percent of People with Each Score

Your Score History

You have not taken this quiz